Criterio de diseno para el control operativo del Instituto Costarricense de Acueductos y Alcantarillados

Gespeichert in:
Bibliographische Detailangaben
1. Verfasser: Lobo Esquivel, Manuel
Format: Abschlussarbeit Buch
Sprache:Undetermined
Veröffentlicht: 1984
Schlagworte:
Tags: Tag hinzufügen
Keine Tags, Fügen Sie den ersten Tag hinzu!

MARC

LEADER 00000nam a2200000Ia 4500
001 2508
008 140114s9999 xx 000 0 und d
100 |a Lobo Esquivel, Manuel 
245 |a Criterio de diseno para el control operativo del Instituto Costarricense de Acueductos y Alcantarillados 
260 |c 1984 
500 |a NULL 
502 |a Escuela de ingenieria Electrica 
650 |z CONTROL OPERATIVO 
999 |c 11583  |d 11583